Datum a čas kvízu
20
Celkem bodů
Celkový počet nahraných bodů na tomto kvízu bez doplňovacích otázek.
7.
Pořadí na kvízu
Konečné umístění týmu na tomto kvízu.
Zaznamenané odpovědi
| # | Otázka | Odpověď | Body | Výsledky |
|---|---|---|---|---|
| 1. | Jedna kavárna na Šumavě zařadi... | o smažený sýr | 0 | |
| 2. | Která první dáma se minulý týd... | Brigitte Macron | 0 | |
| 3. | „Mí rodiče celý můj život kont... | Beckhamových | 1 | |
| 4. | Společnost Ryanair se dostala... | o Elona Muska | 0 | |
| 5. | Ve kterém sportu povede nově č... | A | 1 | |
| 6. | Jak se jmenuje italský horolez... | Reinhold Messner | 0 | |
| 7. | Jak se trojslovně jmenuje disc... | lezení na obtížnost | 0 | |
| 8. | Jak se jedním slovem nazývá ho... | mačky | 0 | |
| 9. | Za půl bodu napište jméno ikon... | Matterhorn, Švýcarsko a Itálie | 0 | |
| 10. | Jak se jmenuje fenomenální slo... | B) Janja Garnbret | 0 |